[Event "Morbihan 2012"]
[Site "?"]
[Date "2011.10.08"]
[Round "1.1"]
[White "Duplessy, Franck"]
[Black "Reymond, Stéphane"]
[Result "1-0"]
[WhiteElo "2077"]
[BlackElo "1560"]
[PlyCount "49"]
[EventDate "2011.??.??"]

1. e4 e5 2. Nf3 Nc6 3. Bb5 a6 4. Ba4 Nf6 5. Qe2 b5 6. Bb3 Bc5 7. a4 b4 8. Bxf7+
Kxf7 9. Qc4+ Ke8 10. Qxc5 Nxe4 11. Qe3 Bb7 12. Qxe4 d5 13. Qg4 Qf6 14. d3 h6
15. O-O Rf8 16. Nbd2 Kf7 17. c4 Nd4 18. Nxd4 exd4 19. c5 Rae8 20. Nf3 Kg8 21.
Qxd4 Qg6 22. Bf4 Rxf4 23. Qxf4 Qxd3 24. Qxc7 Bc8 25. Rad1 1-0

[Event "Morbihan 2012"]
[Site "?"]
[Date "2011.10.08"]
[Round "1.2"]
[White "Rivalin, Patrick"]
[Black "Cadéron, Michel"]
[Result "1-0"]
[WhiteElo "1545"]
[BlackElo "2038"]
[PlyCount "83"]
[EventDate "2011.??.??"]

1. c4 Nf6 2. Nc3 g6 3. g3 Bg7 4. Bg2 O-O 5. e3 e5 6. Nge2 c6 7. O-O d6 8. b4
Re8 9. Qc2 d5 10. d3 Be6 11. Rd1 Qe7 12. c5 Nh5 13. Rb1 f5 14. f4 d4 15. exd4
exd4 16. Na4 Qd7 17. Nb2 Bxa2 18. Ra1 Qe6 19. Re1 Bb3 20. Qb1 Na6 21. Bd2 Qd7
22. Ra3 Bf7 23. Qc1 Nc7 24. Nc4 Nb5 25. Ra5 Rab8 26. Rxb5 cxb5 27. Nd6 Re7 28.
Nxb7 Rbe8 29. Nd6 Rxe2 30. Nxe8 Rxe1+ 31. Bxe1 Bxe8 32. c6 Qc7 33. Bd5+ Bf7 34.
Qc5 a6 35. Bf2 Bf8 36. Qxd4 Qd6 37. Bxf7+ Kxf7 38. Qa7+ Be7 39. Bc5 Qe6 40. Bf2
Nf6 41. c7 Qd7 42. Qb7 1-0

[Event "Morbihan 2012"]
[Site "?"]
[Date "2011.10.08"]
[Round "1.3"]
[White "Le Corre, Patrick"]
[Black "Le Gal, Loïc"]
[Result "1-0"]
[WhiteElo "1949"]
[BlackElo "1510"]
[PlyCount "59"]
[EventDate "2011.??.??"]

1. d4 e5 2. dxe5 d6 3. Nf3 Nc6 4. exd6 Bxd6 5. g3 Qf6 6. Bg2 Bg4 7. c3 h6 8.
Qa4 Bd7 9. Nbd2 Nge7 10. O-O O-O 11. Ne4 Qe6 12. Nxd6 cxd6 13. e4 Ne5 14. Qc2
Bb5 15. Nd4 Qc4 16. Nxb5 Qxb5 17. Bf4 N7g6 18. Be3 a5 19. Rfd1 Rfd8 20. Rd5 Qc6
21. Rad1 b5 22. Qe2 Qc4 23. Qxc4 Nxc4 24. Bc1 Nge5 25. Rxb5 a4 26. b3 axb3 27.
axb3 Na5 28. Ba3 Nb7 29. Bb4 f6 30. Rxb7 1-0

[Event "Morbihan 2012"]
[Site "?"]
[Date "2011.10.08"]
[Round "1.4"]
[White "Maréchal, Daniel"]
[Black "Lages, Michel"]
[Result "1-0"]
[WhiteElo "1500"]
[BlackElo "1941"]
[PlyCount "55"]
[EventDate "2011.??.??"]

1. c4 e6 2. d4 d5 3. Nc3 dxc4 4. e3 c5 5. Bxc4 Nf6 6. Nf3 Nc6 7. O-O cxd4 8.
Nxd4 Nxd4 9. Qxd4 Qxd4 10. exd4 Be7 11. Bf4 a6 12. d5 b5 13. Bb3 Nh5 14. Ne2
Nxf4 15. Nxf4 e5 16. Ne2 O-O 17. Ng3 Kh8 18. Rad1 f5 19. d6 Bf6 20. d7 Bb7 21.
Nxf5 Rab8 22. Nd6 g6 23. Rc1 Be7 24. Nf7+ Kg7 25. Nxe5 Bf6 26. Rfe1 Rbd8 27.
Rc7 Rb8 28. d8=Q+ 1-0

[Event "Morbihan 2012"]
[Site "?"]
[Date "2011.10.08"]
[Round "1.5"]
[White "Jolivel, Dominique"]
[Black "Biderbost, Marc"]
[Result "1-0"]
[WhiteElo "1897"]
[BlackElo "1499"]
[PlyCount "77"]
[EventDate "2011.??.??"]

1. d4 d5 2. Bf4 Nc6 3. c3 Bf5 4. Nd2 e6 5. Ngf3 Bd6 6. Bg3 Nf6 7. e3 a6 8. Be2
Bxg3 9. hxg3 Ne4 10. Nxe4 Bxe4 11. Bd3 Qf6 12. Bxe4 dxe4 13. Nd2 Qf5 14. Qc2
O-O 15. Qxe4 Qxe4 16. Nxe4 b6 17. O-O-O Rad8 18. Rh2 h6 19. Rdh1 f6 20. f4 Kf7
21. g4 f5 22. Nf2 fxg4 23. Nxg4 Rh8 24. Nf2 Ne7 25. g4 c5 26. dxc5 bxc5 27. Rh5
Rd5 28. g5 Kg6 29. Ng4 Nf5 30. R5h3 Nxe3 31. Nxe3 Rd3 32. gxh6 Rxh6 33. Rg3+
Kh7 34. Rhg1 Rd7 35. Nc4 Rf6 36. Ne5 Rd5 37. Rxg7+ Kh6 38. Nf7+ Kh5 39. Rh1#
1-0

[Event "Morbihan 2012"]
[Site "?"]
[Date "2011.10.08"]
[Round "1.6"]
[White "Brumant, Guy"]
[Black "Landais, Romain"]
[Result "0-1"]
[WhiteElo "1499"]
[BlackElo "1883"]
[PlyCount "60"]
[EventDate "2011.??.??"]

1. e4 c5 2. Nf3 Nc6 3. Bd3 d6 4. O-O Bg4 5. Be2 Nf6 6. d3 g6 7. Nc3 Bg7 8. Be3
O-O 9. Qd2 Rc8 10. Rae1 Bxf3 11. Bxf3 Ne5 12. Qd1 a6 13. Qc1 b5 14. a4 b4 15.
Ne2 Qd7 16. b3 Nxf3+ 17. gxf3 Qh3 18. Ng3 h5 19. Bg5 h4 20. Re3 hxg3 21. fxg3
Rfe8 22. Rfe1 Nh7 23. Qd2 Nxg5 24. Qf2 Bd4 25. Qg2 Qh6 26. Qf2 Nh3+ 27. Kg2
Nxf2 28. Kxf2 Qxh2+ 29. Kf1 Kg7 30. R3e2 Qg1# 0-1

[Event "Morbihan 2012"]
[Site "?"]
[Date "2011.10.08"]
[Round "1.7"]
[White "Le Corre, Yves"]
[Black "Gautier, Marc"]
[Result "1-0"]
[WhiteElo "1860"]
[BlackElo "1499"]
[PlyCount "143"]
[EventDate "2011.??.??"]

1. d4 d5 2. c4 e6 3. Nc3 Nf6 4. Bg5 Be7 5. e3 Ne4 6. Bxe7 Qxe7 7. Nf3 O-O 8.
Qc2 Nd7 9. Nxe4 dxe4 10. Qxe4 f5 11. Qc2 c5 12. Bd3 b6 13. O-O Bb7 14. Be2 Rad8
15. Rfd1 Be4 16. Qc3 Kh8 17. Rac1 Qf6 18. Ne5 cxd4 19. exd4 Nxe5 20. dxe5 Rxd1+
21. Rxd1 Qg5 22. f3 Bc6 23. Rd6 Rc8 24. Rxe6 h5 25. Rd6 f4 26. Bd3 h4 27. Rg6
Qe7 28. e6 Bd5 29. Rh6+ Kg8 30. Rg6 Bxe6 31. Qe5 Re8 32. b3 Qc5+ 33. Qxc5 bxc5
34. Be4 Kf7 35. Rg5 Rd8 36. Rxc5 Rd1+ 37. Kf2 Rd2+ 38. Kf1 h3 39. gxh3 Bxh3+
40. Ke1 Rxa2 41. b4 Rxh2 42. Rc7+ Kf6 43. Rxa7 Rh1+ 44. Kd2 Rh2+ 45. Kc3 Bf5
46. Bxf5 Kxf5 47. Rxg7 Rh3 48. Kd4 Rxf3 49. b5 Re3 50. b6 Kf6 51. Rg1 Rb3 52.
c5 Ke6 53. Rf1 f3 54. Kc4 Rb2 55. Rxf3 Kd7 56. Rb3 Rxb3 57. Kxb3 Kc6 58. Kc4
Kb7 59. Kb5 Kb8 60. Ka6 Ka8 61. b7+ Kb8 62. c6 Kc7 63. Ka7 Kxc6 64. b8=Q Kd5
65. Kb6 Ke4 66. Kc5 Ke3 67. Kd5 Kd3 68. Qb3+ Ke2 69. Ke4 Kf1 70. Kf3 Ke1 71.
Qc2 Kf1 72. Qd1# 1-0

[Event "Morbihan 2012"]
[Site "?"]
[Date "2011.10.08"]
[Round "1.8"]
[White "Gautier, Paul"]
[Black "Annetti, Laurent"]
[Result "0-1"]
[WhiteElo "1499"]
[BlackElo "1852"]
[PlyCount "48"]
[EventDate "2011.??.??"]

1. Nf3 Nc6 2. e4 e5 3. Bb5 f5 4. d3 fxe4 5. dxe4 Nf6 6. Nc3 Bc5 7. Bc4 d6 8.
Na4 Bb6 9. Nxb6 axb6 10. O-O Bg4 11. Bg5 Nd4 12. Be2 Nxe2+ 13. Qxe2 O-O 14.
Rfd1 Qe7 15. Rd3 Qf7 16. a3 Qh5 17. Bxf6 Rxf6 18. Re1 Raf8 19. Qd2 Bxf3 20.
Rxf3 Rxf3 21. gxf3 Qxf3 22. Re3 Qf4 23. Kg2 Rf6 24. Rg3 Qxd2 0-1

[Event "Morbihan 2012"]
[Site "?"]
[Date "2011.10.08"]
[Round "1.9"]
[White "Nicolas, Stéphane"]
[Black "Lemoine, Norbert"]
[Result "1-0"]
[WhiteElo "1850"]
[BlackElo "1499"]
[PlyCount "51"]
[EventDate "2011.??.??"]

1. e4 c5 2. c3 e5 3. Bc4 d6 4. d4 Nc6 5. h3 Be7 6. Nf3 Bf6 7. Be3 exd4 8. cxd4
cxd4 9. Nxd4 Nge7 10. Nc3 O-O 11. O-O Bxd4 12. Bxd4 Be6 13. Bxe6 fxe6 14. Be3
a6 15. Qb3 Qd7 16. Rfd1 Qc7 17. Qxe6+ Kh8 18. Qxd6 Qa5 19. Qc5 Qc7 20. Nd5 Qe5
21. Nxe7 Qxe7 22. Qxe7 Nxe7 23. Bc5 Rf7 24. Rd7 Re8 25. Rad1 Kg8 26. Rxb7 1-0

[Event "Morbihan 2012"]
[Site "?"]
[Date "2011.10.08"]
[Round "1.10"]
[White "Raoul, Joël"]
[Black "Cozic, Daniel"]
[Result "0-1"]
[WhiteElo "1499"]
[BlackElo "1826"]
[PlyCount "58"]
[EventDate "2011.??.??"]

1. e4 c5 2. Bc4 Nc6 3. Nf3 e6 4. Nc3 a6 5. d3 Be7 6. O-O Qc7 7. g3 Nf6 8. Qe2
O-O 9. e5 Ng4 10. Qe4 Ngxe5 11. a3 d5 12. Qf4 dxc4 13. Nxe5 Qxe5 14. Be3 cxd3
15. cxd3 Qh5 16. Ne4 e5 17. Bxc5 Bxc5 18. Qh4 Qxh4 19. gxh4 Bd4 20. Rab1 f5 21.
b4 b5 22. Nc5 Bxc5 23. bxc5 Bb7 24. h3 Nd4 25. Rfe1 Nf3+ 26. Kg2 Nxe1+ 27. Kh2
Nf3+ 28. Kg3 Rf6 29. Ra1 Rg6# 0-1

[Event "Morbihan 2012"]
[Site "?"]
[Date "2011.10.08"]
[Round "1.11"]
[White "Hocher, Eugène"]
[Black "Cozic, Matthias"]
[Result "1-0"]
[WhiteElo "1770"]
[BlackElo "1490"]
[PlyCount "38"]
[EventDate "2011.??.??"]

1. d4 d5 2. c4 c6 3. Nc3 Nf6 4. Nf3 Bf5 5. Qb3 Qd7 6. Ne5 dxc4 7. Qxc4 Qe6 8.
Qb4 b6 9. e3 Bg6 10. Bc4 Qc8 11. Qb3 e6 12. O-O Qc7 13. Bd2 Bd6 14. f4 Nbd7 15.
Rac1 Bxe5 16. fxe5 O-O 17. exf6 Nxf6 18. Be2 Bf5 19. Be1 Rab8 1-0

[Event "Morbihan 2012"]
[Site "?"]
[Date "2011.10.08"]
[Round "1.12"]
[White "Thébaut, Hervé"]
[Black "Loizil, Joël"]
[Result "0-1"]
[WhiteElo "1490"]
[BlackElo "1737"]
[PlyCount "86"]
[EventDate "2011.??.??"]

1. d4 Nf6 2. c4 e6 3. Nc3 b6 4. Nf3 Bb7 5. e3 d5 6. Ne5 Bd6 7. Qa4+ c6 8. Be2
O-O 9. O-O Nfd7 10. Nf3 e5 11. dxe5 Nxe5 12. cxd5 cxd5 13. Nd4 Nbd7 14. f4 Nc5
15. Qc2 Ng6 16. b4 Ne4 17. Nxe4 dxe4 18. a3 Rc8 19. Qa4 Bb8 20. Bb2 Ne7 21.
Rfd1 Nd5 22. Qb3 Qe7 23. Bg4 Rcd8 24. Nf5 Qd7 25. Bxg7 Qb5 26. Qb2 f6 27. Bxf8
Rxf8 28. Qb3 Kh8 29. Nd4 Qe8 30. h3 Qg6 31. Ne6 Rg8 32. f5 Qh6 33. Rxd5 Bxd5
34. Qxd5 Qxe3+ 35. Kh1 Qg3 36. Kg1 e3 37. Qd4 Be5 38. Qd7 Bxa1 39. Nd8 Qe1+ 40.
Kh2 Be5+ 41. g3 Bxg3+ 42. Kg2 Qf2+ 43. Kh1 Qh2# 0-1

[Event "Morbihan 2012"]
[Site "?"]
[Date "2011.10.08"]
[Round "1.13"]
[White "Pouliquen, Alain"]
[Black "Malry, Celia"]
[Result "1-0"]
[WhiteElo "1724"]
[BlackElo "1480"]
[PlyCount "98"]
[EventDate "2011.??.??"]

1. d4 d5 2. Nf3 h6 3. c4 Nf6 4. Nc3 e6 5. Bf4 Bb4 6. e3 b6 7. Qa4+ Bd7 8. Qxb4
Nc6 9. Qa3 Ne7 10. Ne5 O-O 11. Nxd7 Qxd7 12. Bd3 Rfc8 13. O-O c5 14. dxc5 dxc4
15. Bxc4 Rxc5 16. Rfd1 Qc6 17. Rd6 Qe8 18. Be2 Nf5 19. Rd2 a5 20. Na4 Rd5 21.
Rxd5 Nxd5 22. Bf3 Rc8 23. Bxd5 exd5 24. Nxb6 Rc2 25. Qa4 Qe4 26. Qxe4 dxe4 27.
Be5 Ne7 28. Bc3 Nc6 29. Nc4 a4 30. Kf1 Nb4 31. Na3 Rxc3 32. bxc3 Nd3 33. Rd1
Nc5 34. Rd5 Ne6 35. Re5 Ng5 36. Rxg5 hxg5 37. Ke2 Kf8 38. c4 Ke7 39. Kd2 Kd6
40. Kc3 Kc5 41. Nb5 g6 42. Nd4 g4 43. Ne2 f6 44. Nf4 g5 45. Ne2 f5 46. Ng3 f4
47. Nxe4+ Kc6 48. Nxg5 fxe3 49. fxe3 Kc5 1-0

[Event "Morbihan 2012"]
[Site "?"]
[Date "2011.10.08"]
[Round "1.14"]
[White "Georget, Aymeric"]
[Black "Georget, Patrice"]
[Result "0-1"]
[WhiteElo "1470"]
[BlackElo "1713"]
[PlyCount "98"]
[EventDate "2011.??.??"]

1. c4 Nf6 2. d4 g6 3. Nf3 d6 4. Nc3 Bg7 5. Bg5 O-O 6. e3 Nbd7 7. Bd3 e5 8. d5
a5 9. Ne4 h6 10. Bh4 b6 11. O-O g5 12. Bg3 Nh5 13. Nxe5 Nxg3 14. Nc6 Qe8 15.
Nxg3 Ne5 16. Nxe5 Bxe5 17. Qh5 Bg7 18. Rae1 Qe5 19. b3 Bd7 20. f4 gxf4 21. Qxe5
dxe5 22. exf4 Rae8 23. fxe5 Rxe5 24. Rxe5 Bxe5 25. Ne4 Kg7 26. h3 Bd4+ 27. Kh1
Be5 28. g4 f6 29. Kg2 Rf7 30. Nd2 Bc3 31. Ne4 Be5 32. Rc1 Bd4 33. Nc3 Re7 34.
Ne4 f5 35. gxf5 Bxf5 36. Ng3 Bxd3 37. Rd1 Be4+ 38. Kh2 Be5 39. Re1 Bg6 40. Kg2
Bd6 41. Rf1 Re3 42. Nf5+ Bxf5 43. Rxf5 Re2+ 44. Rf2 Rxf2+ 45. Kxf2 Kf6 46. Kf3
Kf5 47. Ke3 Kg5 48. Kf3 Kh4 49. Kg2 h5 0-1

[Event "Morbihan 2012"]
[Site "?"]
[Date "2011.10.08"]
[Round "1.15"]
[White "Trélohan, Henri"]
[Black "Le Deventec, Antoine"]
[Result "1-0"]
[WhiteElo "1676"]
[BlackElo "1430"]
[PlyCount "79"]
[EventDate "2011.??.??"]

1. c4 e5 2. g3 Bc5 3. Bg2 Nf6 4. Nf3 Nc6 5. O-O d6 6. d3 Be6 7. a3 a6 8. Nc3
Qd7 9. Re1 Bh3 10. Bh1 Ng4 11. e3 O-O 12. Ng5 Nf6 13. Nxh3 Qxh3 14. Bg2 Qf5 15.
Rf1 h6 16. Ne2 Rad8 17. Nc3 Rfe8 18. Nd5 Nxd5 19. Bxd5 Nb8 20. Be4 Qf6 21. Qf3
Qxf3 22. Bxf3 c6 23. b4 Bb6 24. Bb2 d5 25. cxd5 cxd5 26. Rac1 e4 27. dxe4 dxe4
28. Bg4 g6 29. Rfd1 f5 30. Bh3 Nc6 31. Bf1 Bc7 32. Rxd8 Rxd8 33. Bxa6 bxa6 34.
Rxc6 Rd2 35. Rxg6+ Kf7 36. Rg7+ Kf8 37. Rxc7 Rxb2 38. Ra7 Ra2 39. Rxa6 Ke7 40.
a4 1-0

[Event "Morbihan 2012"]
[Site "?"]
[Date "2011.10.08"]
[Round "1.16"]
[White "Josse, Emmanuelle"]
[Black "Le Coz, Yannick"]
[Result "1-0"]
[WhiteElo "1427"]
[BlackElo "1648"]
[PlyCount "30"]
[EventDate "2011.??.??"]

1. d4 Nf6 2. Nf3 Nc6 3. Bg5 Ne4 4. e3 h6 5. Bf4 g5 6. Bg3 Bg7 7. c3 d6 8. d5
Nxg3 9. fxg3 Ne5 10. Nxe5 Bxe5 11. Bb5+ Bd7 12. Be2 e6 13. O-O exd5 14. Qxd5 f6
15. Bh5+ Kf8 1-0

[Event "Morbihan 2012"]
[Site "?"]
[Date "2011.10.08"]
[Round "1.17"]
[White "Le Garrec, Maxime"]
[Black "Cheneau, Lionel"]
[Result "1-0"]
[WhiteElo "1638"]
[BlackElo "1400"]
[PlyCount "23"]
[EventDate "2011.??.??"]

1. e4 e5 2. Nf3 Bd6 3. Bc4 h6 4. O-O Nf6 5. d4 Nxe4 6. Re1 f5 7. Nxe5 Bxe5 8.
Qh5+ Ke7 9. Qf7+ Kd6 10. dxe5+ Kc6 11. Qd5+ Kb6 12. Qb5# 1-0

[Event "Morbihan 2012"]
[Site "?"]
[Date "2011.10.08"]
[Round "1.18"]
[White "Andal, Thomas"]
[Black "Le Lostec, Michaël"]
[Result "0-1"]
[WhiteElo "1199"]
[BlackElo "1630"]
[PlyCount "74"]
[EventDate "2011.??.??"]

1. e4 e5 2. Nf3 d6 3. d4 Nd7 4. d5 Ngf6 5. Nc3 Nc5 6. Bd3 Be7 7. O-O Bg4 8. Be3
Nxd3 9. cxd3 O-O 10. d4 Nd7 11. Re1 f5 12. dxe5 Nxe5 13. Bd4 Nxf3+ 14. gxf3 Bh3
15. exf5 Rxf5 16. Qe2 Rg5+ 17. Kh1 Bg2+ 18. Kg1 Bxf3+ 19. Kf1 Bg2+ 20. Kg1
Bxd5+ 21. Kf1 Bg2+ 22. Kg1 Bf3+ 23. Kf1 Bxe2+ 24. Rxe2 Bf6 25. Be3 Re5 26. Rae1
Qd7 27. f4 Qh3+ 28. Rg2 Rxe3 29. Rxe3 Qxe3 30. Re2 Qxf4+ 31. Ke1 Bxc3+ 32. bxc3
Qc1+ 33. Kf2 Rf8+ 34. Kg3 Qxc3+ 35. Kg4 Qf3+ 36. Kg5 Qf4+ 37. Kh5 Rf5# 0-1

[Event "Morbihan 2012"]
[Site "?"]
[Date "2011.10.08"]
[Round "1.19"]
[White "Potier, Pierre"]
[Black "Noël, Yannick"]
[Result "1-0"]
[WhiteElo "1630"]
[BlackElo "1199"]
[PlyCount "137"]
[EventDate "2011.??.??"]

1. e4 {Une très belle partie jouée table 19 entre Pierre Potier, d'Hennebont,
et le minime Yannick Noël, de Ploërmel.} e5 2. Nf3 Nc6 3. Nc3 Nf6 {
La partie des Quatre Cavaliers.} 4. d4 exd4 5. Nxd4 Nxd4 6. Qxd4 {La Dame est
bien placée ici, car elle ne peut être chassée facilement (vu que 6...c5
bloque le Fou f8 et laisse des trous en d6 et d5).} d6 7. e5 {
Pour laisser le Roi Noir au centre.} dxe5 8. Qxd8+ {Pierre Potier sacrifie un
Pion pour activer ses pièces. Les Fous sont prêts à bondir.} Kxd8 9. Bg5 Be7
10. O-O-O+ {Les Blancs ont sorti trois pièces contre deux et leur Roi est à
l'abri, mais les Noirs gardent leur Pion de plus.} Ke8 {Ici les Blancs
auraient pu jouer 11.Cb5, mais les Noirs s'accrochent par 11...Fd8, suivi
bientôt de a6 pour repousser l'importun.} 11. f3 {
Pour éviter que le Cavalier Noir vienne attaquer f2.} c6 12. a3 {Considérant
que les Noirs vont avoir du mal à sortir leurs pièces (notamment la Tour h8),
les Blancs entament une série de coups de Pions de consolidation.} a6 13. g4 {
Un peu exagéré. Il valait mieux chercher à sortir ses Pièces.} h5 {La bonne réa
ction. Les Noirs menacent de gagner un nouveau Pion et ouvrent une porte de
sortie pour leur Tour.} 14. h3 {
Une erreur tactique parfaitement exploitée par Yannick Noël.} hxg4 15. Bxf6
Bxf6 16. fxg4 Bxg4 {Eh oui ! Le Pion est cloué car après 17.hxg4 les Noirs
captureraient la Tour h1 avec leur Tour h8.} 17. Re1 {Les Blancs ont un second
Pion de retard à présent, sans compter que les pièces Noires ont gagné en
mobilité.} Kf8 {
Un coup préventif, pour retirer tout de suite le Roi de la colonne de la Tour.}
18. Bg2 {Maintenant le Fou g4 est vraiment menacé.} Bf5 19. Kb1 {
Plan de survie des Blancs : 1. renforcer la sécurité du Roi ...} Re8 20. Na4 {
... et 2. Harceler la position noire. Le Cavalier va chercher à attaquer les
Pions adverses.} b5 {La tâche des Noirs n'est pas simple car le Fou et le
Cavalier Blancs exercent une pression pénible à l'aile Dame.} 21. Nc5 Be7 22.
Nxa6 {Un premier Pion de récupéré.} Bh4 {
Pour protéger le Pion e5 avec un gain de temps.} 23. Re2 e4 24. Nb4 {
Le Cavalier reprend son travail de sape.} Re6 {Ici les Blancs pourraient jouer
25.Tf1 pour mobiliser leur dernier soldat avec gain de temps.} 25. Ka1 {
Pierre Potier préfère préparer la poussée c2-c3.L'inconvénient, c'est que le
Roi Blanc s'est éloigné du centre alors qu'on approche de la finale.} Rhh6 {
Un coup logique pour faire participer celle qui fut la principale victime de
l'échange desDames!} 26. c3 Re5 27. Nc2 c5 {Bien joué. En un coup, les Noirs
offrent des cases à leur Tour h6, restreignent le Cavalier Blanc et renforcent
la chaîne de Pions.} 28. Ne3 {La bonne réaction. Les Blancs ont toujours un
Pion de moins, et ils doivent donner les meilleures cases possibles à leurs
pièces.} g6 29. Ng4 {Pour supprimer un défenseur du dangereux Pion passé e4,
les Blancs se privent d'une pièce très utile.} Bxg4 30. hxg4 e3 31. Bc6 {
Les Blancs s'efforcent de maintenir l'activité de leurs pièces.} c4 {Bien vu ! 
Les Noirs menacent maintenant g5 qui permettrait à la Tour h6 d'attaquer le
Fou c6.} 32. Rh3 g5 33. Bd7 Rd6 34. Bf5 {Ici les Noirs devraient jouer 34...
Ff2 qui protège le Pion tout en gênant la Tour e2.} Rd2 {Première sérieuse
erreur des Noirs : les Blancs ne se privent pas de rétablir l'égalité
matérielle.} 35. Rexe3 Rxe3 36. Rxe3 Rd5 {Les Blancs sont peut-être mieux
maintenant, car leur majorité de Pions à l'aile Dame semble plus mobile que
celle des Noirs à l'aile Roi.} 37. Rf3 {Les Blancs hésitent sur la marche à
suivre. Le mieux ici semble être d'avancer les Pions de l'aile Dame.} Ke7 {
Les Noirs ont le bon réflexe : la centralisation du Roi.} 38. Re3+ Kf6 39. Rf3
Rc5 40. Ka2 Ke5 41. Re3+ Kf4 42. Re7 {Les Blancs choisissent un autre plan :
l'attaque des Pions Noirs. Ils ont laissé le Roi Noir s'avancer pour
l'empêcher de revenir défendre.} f6 43. Rf7 {
Maintenant les Noirs semblent obligés de protéger leur Pion en jouant 43...Tc6}
Rxf5 {Mais ce coup est meilleur ! Le sacrifice de qualité donne aux noirs deux
Pions passés. Ils ont l'avantage car le Roi Blanc est très loin de l'action.}
44. gxf5 Kxf5 45. Rb7 {
Pas de temps à perdre : Pierre Potier doit lui aussi se créer des pions passés.
} g4 46. Rxb5+ Ke4 47. Rh5 {Les Blancs vont devoir donner leur Tour pour
empêcher le Pion g d'aller à promotion.} Bg5 {
Maintenant rien ne peut empêcher la marche du Roi Noir en soutien de son Pion.}
48. a4 {La seule chance ! Les Blancs doivent à tout prix essayer de passer eux
aussi à l'aile Dame.} g3 49. Rh1 g2 50. Rg1 Kf3 51. b4 Kf2 52. Rxg2+ {
Il n'y avait pas le choix.} Kxg2 {Ici les Noirs "sont gagnants" comme disent
les Grands-maîtres, mais il faut éviter le dernier piège !} 53. b5 {L'intention
des Blancs est limpide : faire progresser les deux Pions a et b, forcer le Fou
à se sacrifier sur l'un d'eux et faire Dame avec l'autre ! Tout ça avant que
le Pion Noir arrive en f1!} f5 54. b6 Bd8 {Maintenant, si les Blancs poussent
en b7, le Fou se poste en c7 et contrôle la case de promotion.} 55. a5 f4 56.
b7 Bc7 57. a6 {Les Blancs menacent 58.a7, il faut jouer 57...Fb8 et les Noirs
auront une Dame bien avant que le Roi Blanc vienne en b6 !} f3 {Mais Yannick
Noël craque au moment de porter le coup de grâce ! Malgré la défaite
consécutive à ce coup malheureux, cette partie "totale" est sûrement très
encourageante pour le joueur Ploërmelais.} 58. a7 {
Pierre Potier ne rate pas l'occasion offerte.} Kg1 59. a8=Q f2 {La fin de parti
e requiert encore de la précision, car le Pion f reste dangereux.} 60. Qg8+ Kf1
{Aller sur la colonne h aurait permis 60...Dh7+ et 61...Dxc7} 61. Qxc4+ Kg2 62.
Qxc7 {Les Blancs ne craignent pas l'ultime passe d'armes des trois Dames.} f1=Q
63. b8=Q Qa6+ {Yannick Noël se bat jusqu'au bout : il recherche l'échec
perpétuel. Malheureusement il est impossible d'échapper à la vigilance des
deux Dames Blanches.} 64. Kb3 Qe6+ 65. Qc4 {Plus d'échec.} Qh3 66. Qe2+ {
Au tour des Blancs.} Kh1 {Les amateurs de problèmes seront contents
d'apprendre qu'il y a mat en trois coups avec 67.Da8+!!} 67. Qb7+ Kg1 68. Qbf3
{Et pas de pat, que ce soit après 68...Dxf3 ou 68...De6+} Qh4 69. Qeg2# 1-0

[Event "Morbihan 2012"]
[Site "?"]
[Date "2011.10.08"]
[Round "1.20"]
[White "Cheneau, Alain"]
[Black "Sellin, Alain"]
[Result "0-1"]
[WhiteElo "1040"]
[BlackElo "1590"]
[PlyCount "138"]
[EventDate "2011.??.??"]

1. e4 e5 2. Nf3 Nc6 3. Bc4 Bc5 4. Nc3 Nf6 5. d3 d6 6. Be3 Bxe3 7. fxe3 Bg4 8.
O-O O-O 9. b4 Nxb4 10. a3 Nc6 11. Rb1 b6 12. a4 Na5 13. Ba2 c6 14. h3 Bh5 15.
Rb2 Nb7 16. Bc4 Nc5 17. Qa1 Qd7 18. Kf2 a5 19. Rxb6 Rfb8 20. Rxb8+ Rxb8 21. Rb1
Rxb1 22. Qxb1 Qa7 23. Qb2 h6 24. Qb1 Nfd7 25. Qa1 Nb6 26. Qd1 Ncxa4 27. Nxa4
Nxa4 28. Qa1 Nc5 29. Nh4 Kh7 30. Nf5 Qc7 31. Ng3 Bg6 32. Qa3 Nd7 33. Qa1 f6 34.
Qb1 Qb6 35. Ba2 Qxb1 36. Bxb1 a4 37. Ne2 Bf7 38. c4 d5 39. Ba2 dxe4 40. dxe4
Nb6 41. c5 Nc4 42. Nc3 a3 43. Ke1 Kg6 44. Kd1 Nxe3+ 45. Kd2 Nxg2 46. Nb1 Bxa2
47. Nxa3 Nf4 48. Nc2 Ne6 49. Nb4 Bb1 50. Nxc6 Nxc5 51. Ne7+ Kg5 52. Ke3 Bxe4
53. Kf2 f5 54. Kg3 f4+ 55. Kf2 Kh4 56. Ng8 h5 57. Ne7 g5 58. Ng8 Kxh3 59. Nf6
h4 60. Nh5 g4 61. Nf6 g3+ 62. Kg1 f3 63. Kf1 Bd3+ 64. Ke1 f2+ 65. Kd2 f1=Q 66.
Nh5 Qe2+ 67. Kc3 Qc2+ 68. Kb4 Qc4+ 69. Ka5 Qb5# 0-1

[Event "Morbihan 2012"]
[Site "?"]
[Date "2011.11.19"]
[Round "2.1"]
[White "Pouliquen, Alain"]
[Black "Duplessy, Franck"]
[Result "0-1"]
[WhiteElo "1724"]
[BlackElo "2078"]
[PlyCount "80"]
[EventDate "2011.??.??"]

1. d4 d5 2. c4 e6 3. Nc3 c6 4. Nf3 dxc4 5. a4 Bb4 6. Bf4 Nf6 7. Qc2 Nbd7 8. e4
b5 9. axb5 cxb5 10. Be2 Bb7 11. Nd2 a6 12. O-O Nb6 13. Be3 O-O 14. f4 Rc8 15.
Rf3 Ng4 16. d5 Nxe3 17. Rxe3 Bc5 18. Nf1 exd5 19. exd5 Re8 20. Ne4 Bxe3+ 21.
Nxe3 Nxd5 22. Ng5 Nf6 23. Ng4 g6 24. Nh6+ Kg7 25. g3 Qd4+ 26. Kf1 Kxh6 27.
Nxf7+ Kg7 28. Rd1 Qe4 29. Qxe4 Bxe4 30. Nd6 Red8 31. Nxc8 Rxc8 32. g4 Nd5 33.
Kf2 Rf8 34. Kg3 Nxf4 35. Rd7+ Kg8 36. Bf1 Nd3 37. Bh3 Rf3+ 38. Kh4 Nf4 39. g5
Rxh3+ 40. Kg4 Bf5+ 0-1